| Tag |
First Indicator |
Second Indicator |
Subfields |
| LEADER |
00000cam a2200000 a 4500 |
| 001 |
in00002752021 |
| 005 |
20211120164704.0 |
| 006 |
m d f |
| 007 |
cr bn||||||||| |
| 008 |
120402s2012 dcua ob f000 0 eng c |
| 035 |
|
|
|a (OCoLC)ocn782910774
|
| 037 |
|
|
|a 552-070-44313-4
|b GPO
|f paper
|
| 040 |
|
|
|a GPO
|c GPO
|d GPO
|d MvI
|d UtOrBLW
|
| 042 |
|
|
|a pcc
|
| 043 |
|
|
|a n-us---
|
| 049 |
|
|
|a WWW
|
| 050 |
1 |
4 |
|a KF27
|b .E5515 2012d
|
| 074 |
|
|
|a 1019-C-01 (online)
|
| 086 |
0 |
|
|a Y 4.C 73/8:111-25
|
| 088 |
|
|
|a Serial no. 111-25 (United States. Congress. House. Committee on Energy and Commerce)
|
| 110 |
1 |
|
|a United States.
|b Congress.
|b House.
|b Committee on Energy and Commerce.
|b Subcommittee on Commerce, Trade, and Consumer Protection.
|
| 245 |
1 |
0 |
|a H.R. 1706, the Protecting Consumer Access to Generic Drugs Act of 2009 :
|b hearing before the Subcommittee on Commerce, Trade, and Consumer Protection of the Committee on Energy and Commerce, House of Representatives, One Hundred Eleventh Congress, first session, March 31 2009.
|
| 246 |
3 |
|
|a HR 1706, the Protecting Consumer Access to Generic Drugs Act of 2009
|
| 264 |
|
1 |
|a Washington :
|b U.S. G.P.O.,
|c 2012.
|
| 300 |
|
|
|a 1 online resource (v, 314 pages) :
|b illustrations
|
| 336 |
|
|
|a text
|b txt
|2 rdacontent
|
| 337 |
|
|
|a computer
|b c
|2 rdamedia
|
| 338 |
|
|
|a online resource
|b cr
|2 rdacarrier
|
| 500 |
|
|
|a Title from title screen (viewed on Apr. 2, 2012).
|
| 500 |
|
|
|a Paper version available for sale by the Supt. of Docs., U.S. G.P.O.
|
| 500 |
|
|
|a "Serial number 111-25."
|
| 504 |
|
|
|a Includes bibliographical references.
|
| 500 |
|
|
|a Electronic resource.
|
| 650 |
|
0 |
|a Generic drugs
|x Law and legislation
|z United States.
|
| 650 |
|
0 |
|a Drugs
|z United States
|v Patents.
|
| 650 |
|
0 |
|a Restraint of trade
|z United States.
|
| 776 |
0 |
8 |
|i Print version:
|a United States. Congress. House. Committee on Energy and Commerce. Subcommittee on Commerce, Trade, and Consumer Protection.
|t H.R. 1706, the Protecting Consumer Access to Generic Drugs Act of 2009
|w (OCoLC)782911387
|
| 776 |
0 |
8 |
|i Microfiche:
|a United States. Congress. House. Committee on Energy and Commerce. Subcommittee on Commerce, Trade, and Consumer Protection.
|t H.R. 1706, the Protecting Consumer Access to Generic Drugs Act of 2009
|w (OCoLC)798717791
|
| 856 |
4 |
0 |
|u https://purl.fdlp.gov/GPO/gpo20996
|t 0
|
| 999 |
|
|
|a MARS
|
| 999 |
f |
f |
|s 6ea0686d-195d-3b4d-b6dc-8d8bb18b6e7c
|i 7afa39d1-a0a4-3fc8-b8ed-f0238a30be94
|t 0
|
| 952 |
f |
f |
|a Texas A&M University
|b College Station
|c Electronic Resources
|d Available Online
|t 0
|e Y 4.C 73/8:111-25
|h Superintendent of Documents classification
|
| 998 |
f |
f |
|a Y 4.C 73/8:111-25
|t 0
|l Available Online
|